|
|
|
|
| LEADER |
00000cam a2200000 7i4500 |
| 001 |
0000123716 |
| 005 |
20080918.0 |
| 020 |
|
|
|a 0007268777
|
| 090 |
0 |
0 |
|a 362.76092
|b LAN
|
| 100 |
1 |
|
|a Landon, Maria
|
| 245 |
1 |
0 |
|a Daddy's little earner :
|b a heartbreaking true story of brave little girl's escape from violence
|c Maria Landon ; with Andrew Crofts
|
| 260 |
|
|
|a London :
|b Harper Element ,
|c 2008
|
| 300 |
|
|
|a 291p. ;
|c 20cm.
|
| 600 |
0 |
0 |
|a Landon, Maria
|
| 650 |
0 |
0 |
|a Adult child sexual abuse victims
|z Great Britain
|x Biography
|
| 650 |
0 |
0 |
|a Child prostitutes
|z Great Britain
|x Biography
|
| 650 |
0 |
0 |
|a Fathers and daughters
|
| 700 |
1 |
|
|a Crofts, Andrew
|
| 999 |
|
|
|a 00218987
|b BUKU
|c PINJAMAN
|e PERPUSTAKAAN KOMUNITI PETALING JAYA
|